Statistics for Territorial Changes After WW2

Click here to take the quiz!

General Stats

  • This quiz has been taken 473 times
    (68 since last reset)
  • The average score is 33 of 44

Answer Stats

CategoryHintAnswer% Correct
Lost TerritoryAlbania, Eritrea, Ethiopia, and various border landsItaly
98%
Gained TerritoryKresy, Moldova, parts of Finland, Kaliningrad, Ruthenia, Baltic States, Half of Sakhalin, Kuril Islands, Tuva, and Occupation Zones in Korea, Germany, and Austria.Soviet Union
98%
Lost TerritoryKorea, Taiwan, Sakhalin, Kuril Islands, Okinawa, Kwantung, Various Pacific Islands, Split into Occupation ZonesJapan
96%
Gained TerritoryParts of Silesia, Danzig and PrussiaPoland
96%
Lost TerritoryKresyPoland
96%
Gained TerritoryOccupation Zones in Germany, and AustriaFrance
95%
Lost TerritoryHatay and VietnamFrance
95%
Lost TerritoryPrussia, Silesia, Border lands, Memel, Czechia, Austria, Split into Occupation ZonesGermany
95%
Gained TerritoryOkinawa, Palau, Micronesia, and the Marshall islands, Occupation Zones in Germany, Austria, Korea, JapanUnited States
95%
Lost TerritoryPhilipinesUnited States
95%
Gained TerritoryEritrea and Occupation Zones in Germany, Austria, and JapanUnited Kingdom
93%
Gained TerritoryTaiwan, Manchuria and KwantungChina
91%
Gained TerritoryBorder Territories in ItalyYugoslavia
87%
Gained TerritorySouthern DobrujaBulgaria
85%
Lost TerritoryIcelandDenmark
85%
Lost TerritorySlovakian border lands and RutheniaHungary
85%
Lost TerritoryMoldova, Southern DobrujaRomania
85%
Lost TerritoryParts of KareliaFinland
84%
Gained TerritoryMinor German TerritoriesNetherlands
82%
Newly Independent/ ReinstatedSouth East AsiaVietnam
82%
Newly Independent/ ReinstatedEastern EuropeCzechoslovakia
80%
Guaranteed Later IndependenceSouth AsiaIndia
78%
Guaranteed Later IndependenceEast AsiaKorea/ North Korea/ South Korea
78%
Newly Independent/ ReinstatedEast AfricaEthiopia
75%
Gained TerritoryParts of EcuadorPeru
75%
DissolvedEastern EuropeEstonia
73%
DissolvedEastern EuropeLatvia
73%
DissolvedEastern EuropeLithuania
73%
Guaranteed Later IndependenceSouth AsiaPakistan
69%
Newly Independent/ ReinstatedSouth East AsiaPhilippines
69%
Gained TerritoryHatayTurkey
67%
Guaranteed Later IndependenceSouth East AsiaMyanmar
65%
Guaranteed Later IndependenceEast AfricaSomalia
65%
Guaranteed Later IndependenceNorth AfricaLibya
62%
Newly Independent/ ReinstatedEastern EuropeAlbania
60%
Newly Independent/ ReinstatedNorthern EuropeIceland
58%
Guaranteed Later IndependenceMiddle EastLebanon
56%
Guaranteed Later IndependenceSouth AsiaSri Lanka
56%
DissolvedEast AsiaManchuria
55%
Guaranteed Later IndependenceMiddle EastSyria
55%
Lost TerritoryBorder lands in South AmericaEcuador
53%
DissolvedEastern EuropeSlovakia
53%
DissolvedEastern EuropeDanzig
38%
DissolvedEast AsiaTannu Tuva
25%

Score Distribution

Percentile by Number Answered

Percent of People with Each Score

Your Score History

You have not taken this quiz since the last reset